000 00683nam a22002177a 4500
005 20250730145038.0
008 250730b |||||||| |||| 00| 0 eng d
037 _cTB
040 _aCRL
_cCRL
041 _2eng
_aeng
_htel
084 _aJ 35Q2
_qCRL
100 _aRao, Vadde Sobhanadreewara
_9816955
245 _aDesam kosam rytu rytu kosam evaru?
260 _aHyderabad, India:
_bKala jyothi Process,
_c2012.
300 _a451p.
365 _b200.00
_cINR
650 _aAgriculture
650 _aTelugu Language
_9155493
942 _2CC
_cTB
_hJ 35Q2
_n0
999 _c1434402
_d1434402